000 00927cab a2200325 4500
001 ABS51531
008 090401t1994 xxu||||| |||| 00| 0 eng d
035 _a(Sirsi) u32047
041 _aeng
245 _aCentrefolio: West End
260 _c1994
350 _a0
490 _aProperty Week
_v49(1) 6 October 1994, 37-67(11)
650 _aBOND STREET
650 _aHOWARD DE WALDEN ESTATE
650 _aLANDED ESTATES
650 _aMAYFAIR
650 _aPROPERTY-COMMERCIAL PROPERTY-OFFICE PROPERTY-OFFICE PROPERTY MARKET
650 _aOXFORD STREET
650 _aPERIOD PROPERTY
650 _aREGENT STREET
650 _aPROPERTY-COMMERCIAL PROPERTY-RETAIL PROPERTY-RETAIL PROPERTY MARKET
650 _aSOHO
650 _aST JAMESS
650 _aVICTORIA
650 _aWEST END OF LONDON
690 _aPROPERTY-COMMERCIAL PROPERTY-COMMERCIAL PROPERTY MARKET
942 _n0
948 _c04/03/1997
999 _c21507
_d21507